| Поле | Инд. | ПП | Название | Значение |
|---|---|---|---|---|
| Тип записи | a | |||
| Библиографический уровень | m | |||
| 001 | Контрольный номер | 1a9594b1-69fc-4003-a044-608310f41fd9 | ||
| 005 | Дата корректировки | 20131029163714.3 | ||
| 008 | Кодируемые данные | 001128 d | ||
| 020 | c | Цена, тираж | 10.50 | |
| 040 | a | Служба первич. каталог. | НБ ТвГУ | |
| 041 | a | Код языка текста | rus | |
| 080 | a | Индекс УДК | 9(47+57)"1941-1945" | |
| 084 | a | Индекс другой классификации/Индекс ББК | Т3(2)622я431 | |
| 090 | x | Авторский знак | П68 | |
| a | Полочн. индекс | Т3(2)622 | ||
| 245 | 10 | a | Заглавие | Правда о Великой Отечественной войне |
| b | Продолж. заглавия | [Сб. докл. и сообщ. науч. конф.] | ||
| c | Ответственность | Администрация Твер. обл., Администрация г. Твери, Твер. обл. орг. о-ва "Знание" и др.; [Общ. ред. Г. В. Телятникова, В. Ф. Гузова] | ||
| c | Ответственность | Администрация г. Твери | ||
| c | Ответственность | Твер. обл. орг. о-ва "Знание" | ||
| c | Ответственность | Твер. ин-т экологии и права | ||
| c | Ответственность | Твер. обл. совет офицеров запаса и ветеранов Вооруженных Сил | ||
| 250 | a | Основные сведения об издании | (2-е изд.) | |
| 260 | 1_ | a | Место издания | Тверь |
| c | Дата издания | 1999 | ||
| 300 | a | Объем | 55 с. | |
| 583 | a | Действие | Получение впервые 345 01.11.2000 | |
| k | Исполнитель действия | Дар Телятникова Г.В. | ||
| 583 | a | Действие | Приписка 106 11.05.2007 | |
| k | Исполнитель действия | Дар Кудинова А.Н. | ||
| 650 | a | Основная рубрика | Великая Отечественная Война | |
| x | Основная подрубрика | История | ||
| y | Хронологическая подрубрика | 1941-1945 гг. | ||
| z | Географическая подрубрика | СССР | ||
| 653 | a | Ключевые слова | История СССР | |
| a | Ключевые слова | Великая Отечественная война | ||
| a | Ключевые слова | История России | ||
| a | Ключевые слова | Сборники | ||
| 700 | 1_ | a | Другие авторы | Телятников Г. В. |
| e | Роль лиц | ред. | ||
| 700 | 1_ | a | Другие авторы | Гузов В. Ф. |
| e | Роль лиц | ред. | ||
| 852 | t | Порядковый номер экземпляра | 1 | |
| p | Инвентарный номер | 727507 | ||
| 852 | t | Порядковый номер экземпляра | 3 | |
| p | Инвентарный номер | 875172 | ||
| p | Инвентарный номер | 875173 | ||
| p | Инвентарный номер | 875174 | ||
| 888 | a | Бесплатные | ||
| 930 | a | Новая/Ретро | сборники | |
| 952 | p | 345.2000 10.50 1 727507 | ||
| p | 106.2007 10.50 1 875172 | |||
| p | 106.2007 10.50 1 875173 | |||
| p | 106.2007 10.50 1 875174 | |||
| c | Вид литературы | К рн | ||
| 954 | a | Дата поступления на обработку | 20001128 | |
| 999 | a | Подразделение 2 | ОРК | |
| a | Подразделение 2 | кх. |